书目信息 |
| 题名: |
中国近百年文学体式流变史
|
|
| 作者: | 冯光廉 主编 | |
| 分册: | 下 | |
| 出版信息: | 北京 人民文学出版社 1999 |
|
| 页数: | 745页 | |
| 开本: | 20cm | |
| 丛书名: | ||
| 单 册: | ||
| 中图分类: | I045 | |
| 科图分类: | ||
| 主题词: | 文体--历史--中国 , 文学创作--创作方法 | |
| 电子资源: | ||
| ISBN: | 7-02-002997-3 | |
| 000 | 00627nam0 2200205 45 | |
| 001 | 0107101566 | |
| 005 | 20031219104057.0 | |
| 010 | @a7-02-002997-3@dCNY34.00 | |
| 100 | @a20010710d1999 km y0chiy0120 ea | |
| 101 | 0 | @achi |
| 105 | @a z 000yy | |
| 200 | 1 | @a中国近百年文学体式流变史@h下@AZhong Guo Jin Bai Nian Wen Xue Ti Shi Liu Bian Shi@f冯光廉主编@FFeng Guang Lian Zhu Bian |
| 210 | @a北京@c人民文学出版社@d1999 | |
| 215 | @a745页@d20cm | |
| 606 | 0 | @a文体@x历史@y中国 |
| 606 | 0 | @a文学创作@x创作方法 |
| 690 | @aI045@v4 | |
| 701 | 0 | @a冯光廉@4主编 |
| 801 | @aCN@bTSTC@c20010710 | |
| 905 | @b313688-697@dI045@e108:2@f10 | |
| 中国近百年文学体式流变史.下/冯光廉主编.-北京:人民文学出版社,1999 |
| 745页;20cm |
| ISBN 7-02-002997-3:CNY34.00 |
| ● |
| 相关链接 |
|
|
|
|
正题名:中国近百年文学体式流变史
索取号:I045/108:2
 
预约/预借
| 序号 | 登录号 | 条形码 | 馆藏地/架位号 | 状态 | 备注 |
| 1 | 0313688 | 203136882 | 第二借阅区/ [索取号:I045/108:2] | 在馆 | |
| 2 | 0313689 | 203136891 | 第二借阅区/ [索取号:I045/108:2] | 在馆 | |
| 3 | 0313690 | 203136908 | 第二借阅区/ [索取号:I045/108:2] | 在馆 | |
| 4 | 0313691 | 203136917 | 第二借阅区/ [索取号:I045/108:2] | 在馆 | |
| 5 | 0313692 | 203136926 | 第二借阅区/ [索取号:I045/108:2] | 在馆 | |
| 6 | 0313693 | 203136935 | 第二借阅区/ [索取号:I045/108:2] | 在馆 | |
| 7 | 0313694 | 203136944 | 第二借阅区/ [索取号:I045/108:2] | 在馆 | |
| 8 | 0313695 | 203136953 | 第二借阅区/ [索取号:I045/108:2] | 在馆 | |
| 9 | 0313696 | 203136962 | 第二借阅区/ [索取号:I045/108:2] | 在馆 | |
| 10 | 0313697 | 203136971 | 第一样本阅览室/ [索取号:I045/108:2] | 在馆 |